Advanves in Industrial Wastewater Tteatment (Record no. 331)

MARC details
000 -LEADER
fixed length control field 00324nam a22001457a 4500
020 ## - INTERNATIONAL STANDARD BOOK NUMBER
International Standard Book Number 81-900553-7-2
041 ## - LANGUAGE CODE
Language code of text/sound track or separate title ENG
100 ## - MAIN ENTRY--PERSONAL NAME
Personal name Goel .P.K
245 ## - TITLE STATEMENT
Title Advanves in Industrial Wastewater Tteatment
250 ## - EDITION STATEMENT
Edition statement First Ed
260 ## - PUBLICATION, DISTRIBUTION, ETC. (IMPRINT)
Place of publication, distribution, etc Jaipur
Name of publisher, distributor, etc Technosciene Pub
Date of publication, distribution, etc 1999
300 ## - PHYSICAL DESCRIPTION
Extent 500
650 ## - SUBJECT ADDED ENTRY--TOPICAL TERM
Topical term or geographic name as entry element IDE
856 ## - ELECTRONIC LOCATION AND ACCESS
Uniform Resource Identifier IDE
Holdings
Withdrawn status Lost status Source of classification or shelving scheme Damaged status Not for loan Home library Current library Shelving location Date acquired Cost, normal purchase price Total Checkouts Barcode Date last seen Price effective from Koha item type
    Dewey Decimal Classification     College of Agricultural Engineering and Technology, Dapoli , Library College of Agricultural Engineering and Technology, Dapoli , Library Book Cart 24/08/2021 60.00   000101 24/08/2021 24/08/2021 Books

Contact Us: College of Agricultural Engineering and Technology, Dapoli, Dist.- Ratnagiri
Website: https://dbskkv.org Email: caetlibrary2015@gmail.com